01027nam a22001457a 4500999001900000008004100019100003200060245010000092260004300192300005000235520042100285773004300706942000700749952012500756 c533811d533811260625b ||||| |||| 00| 0 eng d aJohar, Navtej Singh 961352 aThe wind blew freely through his discourse: Guru Nanak and the transformation of few to wonder  aIndia International Center Quarterly  a52 (3&4), Winter 2025- Summer 2026: p.221-234 aBaba Nanak, also known as Guru Nanak was born in 1469 into a Hindu family of the khatri caste in Talwandi, a village in the province of Lahore, present day Pakistan j. S. Grewal writes, if we turn to the Punjab of Guru Nanak days we find that Islam in the Punjab had become nearly five hundred years old. Many pension, Turkish, Arab and Afghan families had scatted in the land during these five centuries (2017-18).  aIndia International Center Quarterly  cAR 00102ddc40709408991aIIPAbIIPAd2026-06-25h52 (3&4), Winter 2025- Summer 2026: p.221-234pAR139273r2026-06-25yAR